Culture Générale - Statistiques

Statistiques générales
  • Ce quiz a été pris 131 fois
  • Le résultat moyen est 13 sur 15
Statistiques - réponses
Question Réponse % Correct
Quelle est la date de la Révolution française 1789
100%
Dans quelle vile se trouve la Statue de la Liberté? New York
100%
Qui a écrit les misérables? Victor Hugo
100%
Quel pays est connu pour avoir inventé les Jeux Olympiques? Grèce
98%
Qui a inventé l'imprimerie moderne? Johannes Gutenberg
97%
Quel est le plus grand pays du monde pour sa superficie? Russie
97%
Quel peintre est connu pour avoir coupé une partie de son oreille? Vincent Van Gogh
97%
Quel est l'animal terrestre le plus rapide? Guépard
93%
Quelle est la capital du Canada? Ottawa
93%
Quel est l'élément chimique représenté par le symbole "O" Oxygène
93%
Dans quel océan se trouve l'île de Madagascar? Indien
91%
Dans quelle ville se trouve l'Atomium? Bruxelles
90%
Quel est le plus grand désert du monde? Antarctique
74%
Dans quel pays se situe la ville de Namur? Belgique
69%
Combien y a-t-il de continents sur Terre? 7
53%
Aucun quiz correspondant
Distribution des résultats
% des personnes avec chaque résultat
Percentile par nombre de réponses
Votre historique - résultats
Vous n’avez pas pris ce quiz